|
|
|
|
| LEADER |
00000nam2a2200000 4500 |
| 001 |
265169 |
| 005 |
20231101233909.0 |
| 035 |
|
|
|a (RuTPU)RU\TPU\book\288170
|
| 035 |
|
|
|a RU\TPU\book\230490
|
| 035 |
|
|
|a RU\TPU\book\281641
|
| 090 |
|
|
|a 265169
|
| 100 |
|
|
|a 20140428d1986 k y0rusy50 ca
|
| 101 |
0 |
|
|a rus
|
| 102 |
|
|
|a UA
|
| 105 |
|
|
|a a z 001zy
|
| 200 |
0 |
|
|a Вып. 28
|
| 210 |
|
|
|d 1986
|
| 215 |
|
|
|a 127 с.
|c ил.
|
| 320 |
|
|
|a Библиография в конце статей
|
| 461 |
|
1 |
|0 (RuTPU)RU\TPU\book\220891
|t Исследование операций и АСУ
|o республиканский межведомственный научный сборник
|f Киевский государственный университет им. Т. Г. Шевченко
|v Вып. 28
|d 1973-1991
|
| 606 |
1 |
|
|a Операций исследование
|2 stltpush
|3 (RuTPU)RU\TPU\subj\13251
|9 39898
|
| 606 |
1 |
|
|a Автоматизированные системы планирования и управления
|2 stltpush
|3 (RuTPU)RU\TPU\subj\615
|9 29488
|
| 610 |
1 |
|
|a теория массового обслуживания
|
| 610 |
1 |
|
|a теория надежности
|
| 610 |
1 |
|
|a массовое обслуживание
|
| 610 |
1 |
|
|a надежность
|
| 610 |
1 |
|
|a вероятностные методы
|
| 610 |
1 |
|
|a оптимальное планирование
|
| 610 |
1 |
|
|a программные средства
|
| 610 |
1 |
|
|a экономико-математическое моделирование
|
| 675 |
|
|
|a 519.8
|v 3
|
| 675 |
|
|
|a 658.012.011.56
|v 3
|
| 801 |
|
1 |
|a RU
|b 63413507
|c 20140625
|
| 801 |
|
2 |
|a RU
|b 63413507
|c 20170210
|g RCR
|
| 942 |
|
|
|c BK
|